Establecimiento del procedimiento de proveeduria, transporte, almacenamiento, manejo y uso de la nitrocelulosa y explosivos preparados
Saved in:
| Main Author: | |
|---|---|
| Format: | Book |
| Published: |
San José, Costa Rica
1992
|
| Subjects: | |
| Tags: |
Add Tag
No Tags, Be the first to tag this record!
|
MARC
| LEADER | 00000nam a2200000Ia 4500 | ||
|---|---|---|---|
| 003 | 005525 | ||
| 005 | 20221231144321.0 | ||
| 008 | 140114s1992 cr a m 000 ||s d | ||
| 040 | |c cru CEDI | ||
| 090 | |a TFG 2654 | ||
| 100 | |a Masís Quirós, Susana |9 12341 | ||
| 245 | |a Establecimiento del procedimiento de proveeduria, transporte, almacenamiento, manejo y uso de la nitrocelulosa y explosivos preparados | ||
| 260 | |c 1992 |a San José, Costa Rica | ||
| 300 | |a v, 205 hojas : ilustraciones ; 28 cm. | ||
| 500 | |a Proyecto de graduacion (licenciatura en ingenieria quimica)--Universidad de Costa Rica. Facultad de Ingeniería. Escuela de Ingenieria Quimica | ||
| 650 | |x NITROCELULOSA |x EXPLOSIVOS |x MEDIDAS DE SEGURIDAD |9 12342 | ||
| 942 | |c TFG | ||
| 999 | |c 20053 |d 20053 | ||
